Dictionary of organic Compounds Vol. 3, Dor-Ixo, D-08639-I-01662

Enregistré dans:
Détails bibliographiques
Format: Livre
Langue:anglais
Publié: New York Chapman and Hall 1982
Édition:5th ed.
Sujets:
Accès en ligne:Voir à l'OPAC
Tags: Ajouter un tag
Pas de tags, Soyez le premier à ajouter un tag!

MARC

LEADER 00000nam a2200000 a 4500
005 20260127134255.0
008 090528 1994 xxu 000 0 eng d
020 |a 0412170000 (set) 
035 |a vtls009518050 
039 9 |a 201512100926  |b csnkv06  |c 201512100924  |d csnkv06  |y 200905281054  |z mschk03 
040 |a STUSCHK1  |b slo  |c STUSCHK1  |e AACR2 
080 |a 546(031)=20 
245 1 |a Dictionary of organic Compounds  |n Vol. 3, Dor-Ixo, D-08639-I-01662 
250 |a 5th ed. 
260 |a New York  |b Chapman and Hall  |c 1982 
300 |a viiii, 2403-3479 s.  |c 29 cm 
650 0 7 |a organické zlúčeniny  |2 SNKPH 
910 |a SCHK95 
919 |a 0-412-17000-0 (set) 
999 |c 8462  |d 8462